How many times can you type J E T P U N K in 15 Seconds? - Statistics

General Stats
  • This quiz has been taken 9,642 times
  • The average score is 43 of 70
Answer Stats
Letter % Correct
j
100%
e
98%
t
98%
p
97%
u
96%
n
95%
k
94%
j
93%
e
92%
p
91%
t
91%
n
90%
u
90%
k
89%
E
87%
J
87%
P
86%
T
86%
U
85%
K
84%
N
84%
E
82%
J
82%
T
81%
P
80%
U
79%
K
78%
N
78%
J
75%
E
74%
T
73%
P
72%
U
71%
N
70%
K
69%
J
66%
E
65%
T
63%
P
62%
U
61%
N
59%
K
58%
J
54%
E
53%
T
52%
P
50%
U
48%
N
47%
K
46%
E
41%
J
41%
T
39%
P
37%
U
35%
N
34%
K
33%
E
29%
J
29%
T
28%
P
26%
U
25%
N
24%
K
23%
E
20%
J
20%
T
19%
P
18%
N
16%
U
16%
K
15%
No matching quizzes found
Score Distribution
Percent of People with Each Score
Percentile by Number Answered
Your Score History
You have not taken this quiz